[Event "Chelyabinsk Variation - 10.5"]
[Site "GER"]
[Date "1999.12.11"]
[Round "10.5"]
[White "Lutz, Christopher"]
[Black "Babula, Vlastimil"]
[Result "1/2-1/2"]
[WhiteElo "2591"]
[BlackElo "2567"]
[EventDate "1999.10.??"]

1. e4 c5 2. Nf3 Nc6 3. d4 cxd4 4. Nxd4 Nf6 5. Nc3 e5 6. Ndb5 d6 7. Bg5 a6 
8. Na3 b5 9. Bxf6 gxf6 10. Nd5 f5 11. Bd3 Be6 12. O-O Bg7 13. Qh5 f4 14. 
c4 { A firm continuation. White immediately destroys the opponent's Q-side
and wins the c4-square for his pieces. The drawback of the c2-c4 move is 
that black knight now has the d4-square at its disposal } 14. ... bxc4 15.
 Bxc4 { White bishop from c4 fortifies the d5-knight position, and the 
a3-knight is ready to occupy a flexible position on c2 } ( {After } 15. 
Nxc4 Rb8 {no white piece can prevent the black knight's appearance on d4} 
) 15. ... O-O 16. Rac1 Rb8 17. b3 Qa5?! { Exploiting the vulnerability of 
the a2-pawn, Black wants to solve all the opening problems at once. 
However, this game casts doubts on this idea } 18. Nc2! ( 18. Nb1!? Kh8! (
18. ... Qxa2? 19. Nbc3 Qa5 20. Ra1 Qc5 21. Rxa6 +/- ) ) 18. ... Qxa2 ( {If
Black refuses to take the a2-pawn, his position quickly becomes bad} 
18. ... Kh8 19. Rfd1 Rg8 20. b4 Qd8 21. Bxa6 Bf8 22. b5 Ne7 23. Ncb4 Nxd5 
24. Nxd5 Rg6 25. h3 Qa5 26. Qf3 Qxa2 27. Nb4 Qa4 28. Nc6 Rb6 29. Qd3 Rg8 
30. Kh1 Qa2 31. Rd2 Qa4 32. Nd8 Be7 33. Nxe6 fxe6 34. Rc7 Re8 35. Qf3 Qa5 
36. Rdc2 Rbb8 37. Kh2 Qb6 38. Rd7 Rbd8 39. Rb7 {1-0 Short, Nigel D (2635) 
- Kuijf, Marinus (2490) / Hoogovens (6), Wijk aan Zee NED 1990} ) 19. Ncb4
!! { An important tactical resourse} ( {Previously only} 19. Qd1?! { has 
been tested } 19. ... Qa5 20. Ra1 Qc5 21. Rxa6 Kh8 22. Ne1 Nd4 23. Nd3 Qc8
24. Rxd6 f3! 25. gxf3 ( 25. Ne1 fxg2 26. Nxg2 Bg4 27. Ne7 Bxd1 28. Nxc8 
Be2 29. Nb6 Nf3+ 30. Kh1 Bxf1 31. Bxf1 Rfd8 -+ {Janovsky,S 2400 - 
Timoshenko,G 2450 , USSR 1988} ) 25. ... Bxd5 26. Rxd5 Qh3 27. Rxd4 Rb6! 
28. Nf4 exf4 29. Rd6 Be5 {0-1, Todorovic,G.M 2425 - Timoshenko,G 2450 , 
1988 Pula (open)} ) 19. ... Nxb4 ( 19. ... Rxb4 20. Nxb4 Nxb4 21. Bxe6 Qa5
22. Bc4 Qd8 23. Rfd1 Qe7 24. Ra1 +- ) 20. Ne7+ Kh8 21. Bxe6 fxe6 22. Ng6+ 
Kg8 23. Nxf8 Rxf8 24. Rc7 {Breakthrough of major pieces into the enemy 
camp ensures White's advantage } 24. ... Kh8 ( 24. ... Qxb3 25. Qg5 Rf7 
26. Rc8+ Rf8 27. Rfc1 Nc2 28. R8xc2 +-- ) 25. Rfc1? ( 25. Qg4! Rg8 26. 
Qxe6 h6 27. Rc8 Rf8 28. Rxf8+ Bxf8 29. Qf7 Bg7 30. Rc1 Nc2 31. Qf5 Qxb3 
32. Qc8+ Kh7 33. Qxc2 +- ) 25. ... Qd2 = 26. Qg5 Rg8 27. Rc8 h6 28. Qg6 
Rf8! ( 28. ... Bf8?? 29. Qf6+ Kh7 30. Qxe6 +- ) 29. R8c7 Rg8 30. Rc8 Rf8 
31. R8c7 1/2-1/2

[Event "Chelyabinsk Variation 11. 4"]
[Site "Skelleftea SWE"]
[Date "1999.09.05"]
[Round "11.4"]
[White "Wedberg, Tom"]
[Black "Kharlov, Andrei"]
[Result "1/2-1/2"]
[WhiteElo "2487"]
[BlackElo "2615"]
[EventDate "1999.09.01"]

1. e4 c5 2. Nf3 Nc6 3. d4 cxd4 4. Nxd4 Nf6 5. Nc3 e5 6. Ndb5 d6 7. Bg5 a6 
8. Na3 b5 9. Bxf6 gxf6 10. Nd5 f5 11. Bd3 Be6 12. O-O Bg7 13. Qh5 f4 14. 
c4 bxc4 15. Bxc4 O-O 16. Rac1 Kh8!? {A useful multipurpose move. Black 
king leaves the a2-g8 diagonal, that makes the advance f7-f5 real and also
vacates the g8-square for the maneuver Rf8-g8, Bg7-f8 } 17. Rfd1 Rb8 18. 
b3 Qd7 19. Qh4 { In this position, a crucial one in the Cheliabinsk 
Variation, Black attempts to solve his problems with the help of a 
positional pawn sacrifice} 19. ... f5!? 20. Nxf4! {A tactical blow that is
typical for such positions } 20. ... exf4 ( 20. ... Bxc4? 21. Ng6+ ) 21. 
Bxe6 Qxe6 22. Rxc6 fxe4 23. Rcxd6 { Having sacrificed a pawn, Black 
manages to activate his central pawn phalanx; besides, in the open 
position his bishop looks more aggressive than the white knight, that 
still has to get out from the edge of the board } 23. ... Qe8 {By this 
withdrawal black queen perfectly supports the pawn phalanx advance and 
does not hamper with its bishop's work on the long diagonal.} 24. Nc4 ( 
24. Rxa6?! e3 ) 24. ... e3! 25. fxe3 ( 25. Re1? Bc3 -/+ ) 25. ... fxe3 26.
 Re1 Qf7! ( {In the following game Black plays poorly} 26. ... Rb4? 27. 
Qg3 e2 28. Qd3 { and his passed pawn perishes, Almasi Zoltan 2655 - Mohr 
Georg 2510 , Tucepi 1996 Ch Croatia (team) (1st league)} ) 27. Nxe3 Rbe8 {
Here Black also loses his passed pawn, but all his pieces have been 
quickly activated, and this is an adequate compensation for the opponent's
material advantage } ( 27. ... Qa7 28. Re6 ) 28. h3 ( 28. Nc4! Re4! 29. 
Qg3 {, and then by playing} 29. ... Bd4+ ( 29. ... Rg4?! 30. Qe3 ( 30. Ne5
? Qa7+ 31. Qe3 Re4!! -+ ) 30. ... Re4 31. Qd2 Qa7+ 32. Kh1 Qe7 33. Rg1 Re2
34. Rd7 Qe4? ( 34. ... Rxd2 35. Rxe7 Rxa2 ) 35. Qg5 +- {Stanciu T - 
Brkovic Z, 1983 Pernik} ) 30. Rxd4 Rxd4 31. Qe5+ Qg7 32. Qxg7+ Kxg7 = {
Black completely equalizes the game} ) 28. ... Bf6 29. Qc4 Bg5 30. Qc3+ 
Bf6 31. Qc4 Bg5 32. Qc3+ Bf6 33. Qc4 1/2-1/2

[Event "Chelyabinsk 13.2"]
[Site "Erevan ARM"]
[Date "1982.??.??"]
[Round "13.2"]
[White "Kuzmin, Gennadi P"]
[Black "Sveshnikov, Evgeny"]
[Result "1-0"]
[WhiteElo "2545"]
[BlackElo "2525"]
[EventDate "1982.02.??"]

1. e4 c5 2. Nf3 e6 3. d4 cxd4 4. Nxd4 Nf6 5. Nc3 Nc6 6. Ndb5 d6 7. Bf4 e5 
8. Bg5 a6 9. Na3 b5 10. Bxf6 gxf6 11. Nd5 f5 12. Bd3 Be6 13. O-O ( {(This 
transposition of moves disallows the sharp variation 13 Qh5 Rg8} 13. Qh5 
Rg8 ) 13. ... Bxd5 { Now Black possesses an opportunity to direct the game
into another groove } ( {To previously examined positions leads} 13. ... 
Bg7 14. Qh5 f4 ) 14. exd5 Ne7 {An exchange to d5 has shielded the black 
weaknesses in the center and made his e5-pawn mobile. But it would be 
naive to think that Black has left all his development problems behind. He
lags in development, and his Q-side pawns can be objects for an attack } 
15. Qh5 { White queen is situated on a fine offensive square } ( 15. c4 e4
16. Be2 Bg7 17. Qd2 b4 18. Qxb4 Rb8 19. Qa4+ Kf8 20. Rab1 Bxb2 21. Nc2 Ng6
22. Nb4 Qf6 23. Nc6 Re8 24. f4 Bd4+ 25. Kh1 Kg7 26. Bh5 Bc5 {1/2-1/2, Leko
P 2736 - Kramnik V 2809 , 2003 Linares} ) ( 15. Nxb5 Bg7 16. Nc3 e4 17. 
Bc4 O-O 18. Qh5 ) ( 15. Nxb5 Bg7 16. Nc3 e4 17. Bc4 O-O 18. Qh5 Qc7 19. 
Bb3 Bxc3 20. bxc3 f4 21. h4 f5 22. Qg5+ Kh8 23. f3 Qxc3 24. Rad1 Rg8 25. 
Qxf4 Ng6 26. Qh6 Ra7 27. Rf2 Rag7 28. fxe4 Ne5 29. Kf1 fxe4 {0-1 Morcin, 
Tom - Vesely, Emanuel (1867) / SB-2011-0-00161 (-), Lechenicher 
SchachServer 2011} ) ( 15. Nxb5 Bg7 16. Nc3 e4 17. Bc4 O-O 18. Qh5 Qc7 19.
 Bb3 Bxc3 20. bxc3 f4 21. Ba4 Qxc3 22. Rae1 f5 23. Bd7 Kh8 24. Be6 Ra7 25.
 Rb1 f3 26. g3 Qg7 27. Rb6 Rc7 28. Rxd6 f4 29. Bh3 Rxc2 30. Re6 e3 31. 
Qxf3 fxg3 32. Qxg3 exf2+ 33. Kh1 Nxd5 34. Bg2 Qxg3 35. hxg3 Nb4 36. a3 Nd3
{1/2-1/2(42) Pavlicek, Miroslav (2232) - Vesely, Emanuel (2133) / 
CZE/C/sf27 (CZE) (-), ICCF 2012} ) ( 15. Nxb5 Bg7 16. Nc3 e4 17. Bc4 O-O 
18. Qd2 Ng6 19. Rad1 Qh4 20. Be2 Rfb8 21. Rb1 Be5 22. g3 Qf6 23. Nd1 f4 
24. Kh1 Kh8 25. Rg1 Ne7 26. Bh5 Rg8 27. Nc3 e3 28. Qe2 Nf5 29. gxf4 Rxg1+ 
30. Rxg1 exf2 31. Qxf2 Bd4 32. Ne4 Qe7 33. Qe2 Bxg1 34. Kxg1 Rg8+ 35. Kh1 
Qh4 36. Bxf7 Rg7 37. Be6 Qxf4 38. Nd2 Ne3 39. Qf3 Qxf3+ 40. Nxf3 Rg2 41. 
Bf5 Rf2 {0-1(65) Korchut, Adam (1859) - Vesely, Emanuel (1851) / 
RB-2012-0-00172 (-), ICCF2012_corr27 2012} ) ( 15. Nxb5 Bg7 16. Nc3 e4 17.
 Bc4 O-O 18. Qh5 Qc7 19. Bb3 Bxc3 20. bxc3 f4 21. Rae1 f5 22. c4 Ng6 23. 
Kh1 a5 24. a4 Rae8 25. Qh3 Qc5 26. Qc3 Ne5 27. f3 exf3 28. gxf3 Kh8 29. 
Rd1 Rf6 30. Qd4 Qxd4 31. Rxd4 Rh6 32. Rd2 Rc8 33. Rd4 Rh4 34. Rf2 Kg7 35. 
Kg2 Kf6 36. c3 Rg8+ 37. Kf1 Rb8 38. Bd1 Rb1 39. Kg2 Rc1 40. Rc2 Ra1 41. 
Rb2 Rh5 {*(44) Thoma, Otomar (2172) - Vesely, Emanuel (2133) / CZE/C/sf27 
(CZE) (-), ICCF2012_corr10 2012} ) ( 15. c3 Bg7 16. Nc2 e4 17. Be2 O-O 18.
 a4 bxa4 19. Rxa4 Qb6 20. Ra2 Qc5 21. Qd2 Nxd5 22. Rd1 Nc7 23. Ra4 Qe5 24.
 Nb4 Qc5 25. Nc2 Qe5 26. Ne3 Rfd8 27. Rd4 d5 28. Bc4 Bh6 29. Bxd5 Bxe3 30.
 fxe3 Nxd5 31. Rxd5 Rxd5 32. Qxd5 Qxd5 33. Rxd5 Rb8 34. Rd2 Kg7 35. b4 Rc8
36. Rc2 Kf6 37. c4 Rb8 38. Rb2 Ke5 39. b5 axb5 40. cxb5 Rb6 41. Kf2 h5 42.
 Kg3 h4+ 43. Kxh4 f4 44. exf4+ Kxf4 45. Rf2+ Ke5 46. Rxf7 e3 47. Kg3 Ke4 
48. Re7+ Kd3 49. Rd7+ Ke2 50. h4 {1/2-1/2 Sherwood, Russell (2135) - 
Vesely, Emanuel (2085) / SA-2012-0-00261 (-), ICCF2012_corr35 2012} ) 
15. ... e4 16. Be2 Bg7 17. c3 b4?! {This move suggests itself. Black seeks
to exploit the unhappy position of the knight on a3 andto overtake the 
initiative. However, after opening of the game the centralized position of
the black king may prove to be a serious drawback } 18. cxb4 Bxb2 19. Rab1
! ( 19. Nc2 Bxa1 20. Rxa1 O-O ) 19. ... Bxa3 20. Rb3 Qb6 ( 20. ... Bxb4?! 
21. Rxb4 Nxd5? 22. Bc4! +- ) 21. Rxa3 Qxb4 22. Rb3 Qd4 23. Rfb1 O-O {Black
king escapes from center at last, but by this time white rooks manage to 
occupy offensive positions. } 24. Rh3 Qg7 ( {(In E.Sveshnikov's opinion, 
preferable is} 24. ... Rfb8 ) 25. Rg3 Ng6 26. Qxf5 Qe5 27. Qxe5 dxe5 += { 
As it requently happens, White's attack ends in a better endgame, where 
his bishop is more active than black knight } 28. d6!? {White advances his
passed pawn as far as possible hoping to paralyze the enemy forces } ( 28.
 Re3 f5 29. g3 += ) 28. ... Rfd8 29. Rd1 Kf8 ( 29. ... Rac8 30. Bxa6! Rc6 
31. Bf1 Rcxd6 32. Rxd6 Rxd6 33. a4 Rd1 34. Ra3 Nf4 35. g3 +/- ) 30. Bg4 
Rab8 31. Rb3! Rxb3 32. axb3 Nf4 33. g3 Nd3 34. Bf5 h6?! ( {In 
E.Sveshnikov's opinion, the correct move} 34. ... Nc5 35. b4 Nd3 36. Bxe4 
Nxb4 += {allows White to retain a small advantage} ) 35. Bxe4 Nc5 36. Bc2 
Nb7 37. d7 Ke7 38. Ra1 a5? ( 38. ... Rxd7 += ) 39. Bf5 +- Nd6 40. Bh3 Ra8 
( 40. ... f5 41. Rxa5 ) 41. Rc1 f5 42. Bxf5 1-0

[Event "Chelyabinsk 13.3"]
[Site "Linares"]
[Date "2004.03.02"]
[Round "13.3"]
[White "Leko, Peter"]
[Black "Kramnik, Vladimir"]
[Result "0-1"]
[WhiteElo "2722"]
[BlackElo "2777"]
[EventDate "2004.02.19"]
[Annotator "Rogozenko"]

1. e4 c5 2. Nf3 Nc6 3. d4 cxd4 4. Nxd4 Nf6 5. Nc3 e5 6. Ndb5 d6 7. Bg5 a6 
8. Na3 b5 9. Bxf6 gxf6 10. Nd5 f5 11. Bd3 Be6 12. O-O Bxd5 13. exd5 Ne7 
14. Qh5 e4 15. Be2 Bg7 16. c3 Rc8!? N {In this concrete situation this 
move is a novelty. Kramnik transfers the rook to c5 before castling.

 An interesting idea. Black engages his "dozing" queen rook, and, after it
appears on c5, will threaten the d5-pawn } ( 16. ... O-O 17. Nc2 Rc8 ( 
17. ... f4 18. Qg5 {is the main line, where White keeps a slight plus} ) 
18. Ne3 ( 18. Rad1 Rc5 19. Ne3 f4 20. Nf5 Ng6 21. Rfe1 Re8 22. f3 e3 23. 
Bd3 += {/= 1/ 2-1/2 Shirov,A-Grischuk,A/Cap d'Agde 2003 (47).} ) 18. ... 
f4 19. Nf5 Ng6 ( 19. ... Rc5 {would transpose to the Leko-Kramnik game!} )
20. f3 e3 21. g3 b4 {and Black had good play in 
Sadvakasov,D-Eljanov,P/Kharkov 2003.} ) ( 16. ... b4 {is an old move first
played by Sveshnikov in 1982 and then rediscovered by Leko in 2003. There 
are just two games available with it.} ) 17. Nc2 Rc5 18. Ne3 ( 18. Rad1? 
Nxd5 ) ( 18. f3 {The plan with f3 is less impressive when the bishop left 
the diagonal b1-h7.} 18. ... O-O 19. fxe4 fxe4 20. Ne3 Qb6 21. Kh1 Rxc3 
22. bxc3 Qxe3 ~ ) 18. ... f4 19. Nf5 O-O ( 19. ... Nxf5? 20. Qxf5 +/- ) 
20. a4! += { It is impossible to save the d5-pawn, but White manages to 
realize one of the principal ideas of the variation: he blocks the mobile 
e- and f-pawns and sets about undermining the Q-side } ( 20. Rad1 Ng6 {
transposes to Shirov-Grischuk, given above.} ) 20. ... Nxf5 ( 20. ... b4 
21. cxb4 Rc2 22. Bxa6 +/- ) ( 20. ... Nxd5 {this is risky, but not 
entirely clear:} 21. b4 ( 21. axb5 Qf6! ~ ) 21. ... Rxc3 22. Nxg7 f3 23. 
Nf5 Qf6 =/& ) 21. Qxf5 Qe7 22. axb5 axb5 23. Qxf4 Rxd5 24. Rfd1 {White is 
better thanks to weaknesses in Black's pawn structure. Even if the 
position has drawish tendencies, Blac's task might be unpleasant. The only
chance for Black to avoid a long suffering is to create some counterplay 
on the kingside.} 24. ... Re5 ( 24. ... Rxd1+ 25. Rxd1 b4 26. cxb4 += Be5 
27. Qf5 Bxb2 28. b5 +/- ) 25. Qe3 {Blockade of the e4-pawn

After a long thought Leko comes with an interesting plan. He allows Black 
to have the initiative on the kingside, but considers that it won't fully 
compensate the loss of a pawn.} ( {(In case of the immediate attack White 
allows his opponent to obtain counterplay that would be a compensation for
his material advantage} 25. Ra6!? b4 26. Raxd6 bxc3 27. bxc3 e3 {with 
equalization} ) 25. ... f5 26. Qb6 {The logical follow-up of the previous 
move.} ( 26. Ra7 f4! ) 26. ... f4 27. Qxd6 Qg5 { As it often happens in 
this particular variation, if Black succeeds in activating his pawn 
phalanx in the center, then he would obtain an adequate counterplay } 28. 
f3 { It is necessary to slow black pawns down } 28. ... e3 29. Ra7 {
Breaking through to the 7th rank with his rook, White paralyzes his 
opponent's counterplay on the K-side } 29. ... Kh8 {Preparing a typical 
for the Cheliabinsk variation plan of exerting pressure along the g-file }
30. Qd7? {The completely wrong plan, missing some counterplay ideas.} ( 
30. Rd7! Rg8 31. Bd3 {It is not easy for Black to create counterplay as 
long as White keeps pressure on pawn h7. Besides, White is very well 
centralized and keeps everything under control. Everywhere the position is
close to draw, but the same thing - Black faces unpleasant defence. 
However, according to Kramnik Black always had a good position in the 
game.} 31. ... e2 ( 31. ... Qh4? 32. Rxg7 +- ) 32. Re1 Qh4 33. Rxe2 Rxe2 
34. Bxe2 Qe1+ 35. Bf1 Qe3+ 36. Kh1 Qf2 37. Qd3 Qxb2 38. Rc7 +/- ) ( 30. 
Qc7 Rg8 31. Rd7 {uns into } 31. ... Qh4 -+ ) ( {However, the prophylactic}
30. Kh1!? { is worth attention} ) 30. ... Rg8 31. Qh3? {A terrible 
mistake, which unexpectedly completely changes the evaluation from 
slightly better to almost lost.} ( {Once again the prophylacti} 31. Kh1 {
was necessary. Then the postion is unclear:} 31. ... Qg6 32. Bd3 Qh5 ~ ) 
31. ... Qg6! {Now suddenly Black obtains a strong initiative. It turns out
that the queen on h3 is not stable (Black has ...Rh5), while the 
weaknesses of the light squares on the queenside can be exploited by 
Black.} 32. Rad7? { A blunder that leads to defeat
Black wins by force after this, but the position was difficult anyway.} ( 
32. Bd3 e2 -+ ) ( 32. Rd3 Rh5 33. Qg4 Rg5 34. Qh3 Bf8 -+ ) ( {After} 32. 
Kh1! {the game ends in a perpetual check } 32. ... Qc2 ( 32. ... Rh5 33. 
Qg4 Rg5 34. Qh3 Bf8 35. Bd3 ) 33. Rxg7 ( 33. Re1 Rd5 -/+ ) 33. ... Kxg7 ( 
33. ... Rxg7 ) 34. Qg4+ ) ( 32. Raa1 Rh5 ( 32. ... Qc2 33. Bd3 Qf2+ 34. 
Kh1 h6 35. Ra6 h5 36. Bf5 h4 37. Qg4 +- ) 33. Rd6 Bf6 34. Rxf6 Rxh3 35. 
Rxg6 Rxg6 36. Ra8+ Kg7 37. Ra7+ Kf8 ( 37. ... Kh6 38. Bd3 Rxf3 â–³ 39. 
Bxg6 e2 40. Ra1 ) 38. Ra8+ Ke7 39. Ra7+ Kd8 -/+ ) ( 32. Rc1 Rh5 33. Ra6 
Bf6 34. Rxf6 Rxh3 35. Rxg6 Rxg6 -/+ ) ( 32. Re1 Rh5 33. Ra6 Bf6 34. Rxf6 
Rxh3 35. Rxg6 Rxg6 36. Bxb5 Rxf3 -/+ ) 32. ... Rh5 -+ 33. R7d6 ( 33. Qg4 
Rg5 34. Qh3 Bf8 35. Bf1 e2 -+ ) 33. ... Bf6 34. Rxf6 Qc2! {White has 
overlooked this unexpected resource } 35. Qxh5 Qxe2 36. g4 Qf2+ 0-1

[Event "Chelyabinsk 13.4"]
[Site "GER"]
[Date "1992.??.??"]
[Round "13.4"]
[White "Dolmatov, Sergey"]
[Black "Chekhov, Valery A"]
[Result "1-0"]
[WhiteElo "2595"]
[BlackElo "2550"]
[EventDate "1991.10.12"]

1. e4 c5 2. Nf3 Nc6 3. d4 cxd4 4. Nxd4 Nf6 5. Nc3 e5 6. Ndb5 d6 7. Bg5 a6 
8. Na3 b5 9. Bxf6 gxf6 10. Nd5 f5 11. Bd3 Be6 12. O-O Bxd5 13. exd5 Ne7 
14. c3 Bg7 15. Qh5 Qd7 {Black is in no hurry to define the situation in 
the center so far and, to the extent possible, refrains from the e5-e4 
advance } 16. Rad1 Rc8 ( {In case of} 16. ... O-O {S.Dolmatov intends to 
develop his initiative by means of } 17. Bb1!? {Nc2-e3 +=} ) 17. Nc2 ( 17.
 Bb1!? {is not so efficient in view of } 17. ... Rc5 18. Nc2 Nxd5! 19. Ne3
( 19. b4 Nf4 20. Qg5 f6 -/+ ) 19. ... Nxe3 20. fxe3 e4 =+ ) 17. ... Rc5 ( 
{Black could have driven white bishop away from the b1-h7 diagonal by way 
of} 17. ... e4 18. Be2 O-O { but in this case the undermining in the 
center } 19. f3! +/- { looks rather unpleasant} ) 18. Ne3 e4 ( 18. ... f4?
19. Nf5 +/- ) 19. Bb1! {White bishop remains on the b1-h7 diagonal, as 
from here it will serve as an ideal support for the coming attack of e4- 
and f5-pawns } 19. ... O-O ( {In case of} 19. ... f4 {S Dolmatov shows the
following continuation:} 20. Ng4 Qf5 ( 20. ... O-O 21. Nh6+ Bxh6 22. Qxh6 
+/- ) 21. Qxf5 Nxf5 22. f3! ( 22. Bxe4? Ne7! -/+ ) 22. ... Ne3 23. Nxe3 
fxe3 24. Rfe1 Bh6 { g3, f4Â±)} 25. Bxe4 ) 20. g3! {Preparing for a 
conceptual undermining f2-f3} ( 20. f3 f4 21. Bxe4 f5 -/+ ) 20. ... b4?! {
Anticipating white attack on the K-side, Black attempts to obtain 
counterplay on the opposite side of the board } ( {However, it would be 
better to prepare the b5-b4-advancement by means of} 20. ... Rb8 21. Rd2!?
b4 22. c4 {shown by V.Chekhov} ) 21. cxb4 Rb5 22. a3 Bxb2 ( 22. ... a5 {
does not make any difference} 23. Kh1 axb4 24. a4!? Rc5 25. f3 ) 23. Kh1! 
{Last arrangements for the undermining f2-f3} ( 23. f3?! Qa7 ) 23. ... Rc8
24. f3! Rc3 25. fxe4 Rxa3 ( 25. ... Rxe3? 26. Qg5+ +- ) 26. Nxf5 Nxf5 27. 
e5!! {White attacks in an elegant way, depriving Black of an opportunity 
to block the e5-square and thus to exclude the b1-bishop from the game } (
27. Rxf5 f6 { 28. ... Be5 }) 27. ... Nxg3+ 28. hxg3 Bxe5 29. Qxh7+ Kf8 30.
 Rc1! { Due to the difference in the activity of bishops of opposite 
colors white play over the whole board is successful } 30. ... Rb7 31. Bf5
Qb5 32. Be6 1-0

[Event "Chelyabinsk 13.5"]
[Site "Voskresensk"]
[Date "1992.??.??"]
[Round "13.5"]
[White "Tseshkovsky, Vitaly"]
[Black "Krasenkow, Michal"]
[Result "1/2-1/2"]
[WhiteElo "2510"]
[BlackElo "2555"]
[EventDate "1992.??.??"]

1. e4 c5 2. Nf3 Nc6 3. d4 cxd4 4. Nxd4 Nf6 5. Nc3 e5 6. Ndb5 d6 7. Bg5 a6 
8. Na3 b5 9. Bxf6 gxf6 10. Nd5 f5 11. Bd3 Be6 12. O-O Bxd5 13. exd5 Ne7 
14. c3 Bg7 15. Qh5 e4 16. Bc2 Qc8 { Another attempt at improving black 
play, and the most popular one for today. Setting his queen on the c-file 
Black in an indirect way enhances the effect of the b5-b4 advance } 17. 
Rae1 O-O 18. Kh1 { A thematic move that boosts the efficiency of both 
f2-f3 and g2-g4 } 18. ... b4 {Both opponents implement their plans 
vigorously} 19. cxb4! {An introduction to transfer of the rook to the 
K-side via the 3rd rank } 19. ... Bxb2 20. Re3! f6! ( 20. ... Bxa3? 21. 
Rh3 Rd8 22. Qxh7+ Kf8 23. Qh6+ Ke8 24. Ba4+ ) ( 20. ... Bg7 21. Rd1 Rb8 
22. g4 Rxb4 23. gxf5 Qxf5 24. Qxf5 Nxf5 25. Rxe4 Rb2 26. Ra4 Nd4 27. Raxd4
Bxd4 28. Rxd4 Rxa2 29. Rd3 Rc8 30. Rg3+ Kh8 31. Rf3 Rcxc2 32. Nxc2 Rxc2 
33. Rf6 Kg7 34. Rxd6 Rxf2 35. Rxa6 Rd2 {1/2-1/2(36) Zalascek, Vlado (1549)
- Vesely, Emanuel (1851) / OP-2011-0-01591 (?), Lechenicher SchachServer 
2011} ) 21. g4! ( 21. Rh3 Rf7 ) ( 21. Rg3+ Ng6 22. Rxg6+ hxg6 23. Qxg6+ ) 
21. ... Bxa3 22. gxf5 Rf7! ( 22. ... Qxf5 23. Rg1+ Kh8 24. Qxf5 Nxf5 25. 
Rxa3 Rfe8 26. f3 +- ) 23. Rg1+ Rg7 24. Rxg7+ Kxg7 25. Rxa3?! ( 25. Rg3+ 
Kh8 26. Qf7 Qf8 27. Qxf8+ Rxf8 28. Rxa3 Nxd5 29. Bxe4 Nxb4 30. Ra4 d5 31. 
Bf3 +/- {White could have created some awkward problems for his opponent -
shown by V.Tseshkovsky)} ) 25. ... Qxc2 26. Rg3+ Ng6 ( 26. ... Kh8? 27. 
Qf7 ) ( 26. ... Kf8? 27. Qxh7 Ke8 ( 27. ... Qd1+ 28. Kg2 Qxd5 29. Qh8+ Ng8
30. Qg7+ ) 28. Qh8+ Kd7 29. Qxa8 Qxf2 30. Qxa6 Qe1+ 31. Rg1 Qxb4 32. Qa7+ 
Ke8 33. Qe3 +- ) 27. fxg6 h6 28. Qf5 += Ra7! {By transferring his rook to 
e7 Black fully consolidates his position } 29. Kg2 ( 29. Rg4 Re7 30. Rf4 
Qb2 31. h4 Qe5 32. h5 Qxf5 33. Rxf5 Rb7 34. a3 a5 35. bxa5 Ra7 = ) 29. ...
 Re7 30. a3 ( 30. Rg4 Qd3! 31. h4 Qd4 32. Rf4 Qe5 33. h5 Qxf5 34. Rxf5 e3 
35. fxe3 Rxe3 36. Rf3 Re5 = ) 30. ... Qc7 = 31. h4 Re5 32. Qf4 Qc4 33. Qe3
Re7 34. Qd2 Re5 35. Qe3 1/2-1/2